UM Logo

Questioned document examination: (Record no. 1959)

MARC details
000 -LEADER
fixed length control field 00654nam a22001817a 4500
008 - FIXED-LENGTH DATA ELEMENTS--GENERAL INFORMATION
fixed length control field 160425b xxu||||| |||| 00| 0 eng d
020 ## - INTERNATIONAL STANDARD BOOK NUMBER
International Standard Book Number 9710459421
082 ## - DEWEY DECIMAL CLASSIFICATION NUMBER
Edition number 2009
Classification number DFil 363.2565
Item number K12
100 ## - MAIN ENTRY--PERSONAL NAME
9 (RLIN) 6281
Personal name Kalalang, Sally S.
245 ## - TITLE STATEMENT
Title Questioned document examination:
Remainder of title An instructional handbook/
Statement of responsibility, etc. Sally S. Kalalang
260 ## - PUBLICATION, DISTRIBUTION, ETC. (IMPRINT)
Place of publication, distribution, etc. Quezon City:
Name of publisher, distributor, etc. Wiseman's Books Trading, Inc.,
Date of publication, distribution, etc. c2009.
300 ## - PHYSICAL DESCRIPTION
Extent xiv, 181 pages:
Other physical details illustrations;
Dimensions 28 cm.
500 ## - GENERAL NOTE
General note Include bibliography
650 #0 - SUBJECT ADDED ENTRY--TOPICAL TERM
9 (RLIN) 6282
Topical term or geographic name as entry element Writing
General subdivision identification
650 #0 - SUBJECT ADDED ENTRY--TOPICAL TERM
9 (RLIN) 6283
Topical term or geographic name as entry element Legal documents
General subdivision identification
700 ## - ADDED ENTRY--PERSONAL NAME
9 (RLIN) 6284
Personal name Kalalang, Avelino P.,Jr.
Relator term Author
942 ## - ADDED ENTRY ELEMENTS (KOHA)
Source of classification or shelving scheme Dewey Decimal Classification
Koha item type Filipiniana
Holdings
Withdrawn status Lost status Source of classification or shelving scheme Damaged status Not for loan Collection code Home library Current library Shelving location Source of acquisition Total Checkouts Full call number Barcode Date last seen Date last checked out Price effective from Koha item type
    Dewey Decimal Classification     Filipiniana UM Digos College - LIC UM Digos College - LIC Book Cart Purchased 5 DFil 363.2565 K12 2009 20497 05/15/2025 09/16/2019 04/25/2016 Filipiniana